Racrufi : arte de alta energía /

সংরক্ষণ করুন:
গ্রন্থ-পঞ্জীর বিবরন
প্রধান লেখক: Cruz Figueroa, Raúl (pintor)
অন্যান্য লেখক: Ramírez Paredes, Juan Rogelio (texto) (texto), Ramírez Pérez, Antonio (texto) (texto), Sainz González, Itzel (texto) (texto)
বিন্যাস: গ্রন্থ
ভাষা:স্প্যানিশ
প্রকাশিত: Lleida, España : México : Milenio ; UAM Azcapotzalco, 2019, c2019
মালা:(Visión Milenio ; 21)
বিষয়গুলি:
ট্যাগগুলো: ট্যাগ যুক্ত করুন
কোনো ট্যাগ নেই, প্রথমজন হিসাবে ট্যাগ করুন!

MARC

LEADER 00000nam^a2200000^a^4500
001 000554925
005 20250521000000.0
009 20260310131709.05
020 |a 978-84-9743-889-6 
020 |a 978-607-28-1662-6 
037 |a Acervo ITESO - Biblioteca 
041 |a ESP 
082 |a 759. 972  |b CRU RAM 
100 |a Cruz Figueroa, Raúl  |e (pintor) 
245 1 0 |a Racrufi :  |b arte de alta energía /  |c Pintor R. Cruz Figueroa ; texto de J.R. Ramírez Paredes, A. Ramírez Pérez, I. Sainz González ; pról. de R. Cruz Figueroa. 
264 4 |a Lleida, España :  |b Milenio ;  |a México :  |b UAM Azcapotzalco,  |c 2019, c2019 
300 |a 147 p. 
336 |a texto  |b txt  |2 rdacontenido 
337 |a sin mediación  |b n  |2 rdamedio 
338 |a volumen  |b nc  |2 rdasoporte 
440 1 |a (Visión Milenio ;  |v 21) 
521 |a FIL 2022 DIA, 1 ejemplar 
521 |a FIL 2023 DIA, 1 ejemplar 
649 |a XX 
650 |a Pintores Mexicanos -  |x Biografías 
650 |a Pintores Mexicanos -  |x Entrevistas 
650 |a Ilustración (Diseño) 
650 |a Fantasía 
650 |a Ciencia-Ficción 
650 |a Creatividad 
650 |a Creación (Literaria, Artística, etc.) 
650 |a Inspiración (Arte) 
650 |a Música Electrónica -  |x Historia y Crítica 
650 |a Pintura Moderna -  |x Historia y Crítica 
650 |a Pintura Mexicana -  |x Historia y Crítica 
650 |a Pintura Mexicana -  |y Siglo XX 
650 |a Pintura Mexicana -  |y Siglo XXI 
650 |a Arte Mexicano -  |y Siglo XX 
650 |a Arte Mexicano -  |y Siglo XXI 
650 |a Arte Mexicano -  |x Historia y Crítica 
650 |a Cruz Figueroa, Raúl -  |x Tema Principal 
700 |a Ramírez Paredes, Juan Rogelio  |e (texto) 
700 |a Ramírez Pérez, Antonio  |e (texto) 
700 |a Sainz González, Itzel  |e (texto) 
910 |a Fondo General 
920 |a Impresos - Libros 
930 |a Colección General 
905 |a 101 
901 |a 0500387596  |b IT1  |c ACC  |i C180737  |u 20250521 
901 |a 0500403349  |b IT1  |c ACC  |i C184320  |u 20250521 
902 |a https://opac.biblio.iteso.mx/vufind/Record/000554925